000 00555nam a2200205Ii 4500
003 JO-AjNU
008 230606s9999||||xx |||||||||||||| ||und||
020 _a978-0-312-38934-5
040 _aJO-AjNU
_beng
_erda
_cJO-AjNU
041 _aeng
050 1 4 _aPS628 2010
100 3 _aHandeland, Lori ,
_eauthor
_92452
245 0 0 _aMarked by the Moon
264 3 1 _aAmerican :2010
300 _a342p
336 _atext
_btxt
_2rdacontent
337 _aunmediated
_bn
_2rdamedia
338 _avolume
_bnc
_2rdacarrier
650 4 _aMarked by the Moon
_92453
999 _aE1284
_c1284
_d1284